| 000 | 00399cam a2200145ua 4500 | ||
|---|---|---|---|
| 041 |
_aeng _h |
||
| 100 | _aSelvapathy, P . | ||
| 245 | _aProceedings of the International conference on Advances in Industrial wastewater tratment 9-11 Feburary 2005 | ||
| 260 |
_a : _bAllied publishers , _c2005. |
||
| 300 | _a ; . | ||
| 504 | _a | ||
| 700 | 1 | _aVasudevan, N. | |
| 942 | _cBK | ||
| 999 |
_c12913 _d12913 |
||